LEGAL REGULATION OF THE COMPEYIVE PROCESS (Record no. 11347)

MARC details
000 -LEADER
fixed length control field 00400nam a22001577a 4500
003 - CONTROL NUMBER IDENTIFIER
control field OSt
005 - DATE AND TIME OF LATEST TRANSACTION
control field 20211011111209.0
008 - FIXED-LENGTH DATA ELEMENTS--GENERAL INFORMATION
fixed length control field 211011b |||||||| |||| 00| 0 eng d
020 ## - INTERNATIONAL STANDARD BOOK NUMBER
International Standard Book Number 0882778870
040 ## - CATALOGING SOURCE
Original cataloging agency HU
Transcribing agency DDC
082 ## - DEWEY DECIMAL CLASSIFICATION NUMBER
Classification number 1991
245 ## - TITLE STATEMENT
Title LEGAL REGULATION OF THE COMPEYIVE PROCESS
260 ## - PUBLICATION, DISTRIBUTION, ETC.
Place of publication, distribution, etc. FOUNDATION
Name of publisher, distributor, etc. KITCH AND PERLMAN
Date of publication, distribution, etc. 1991
300 ## - PHYSICAL DESCRIPTION
Extent XXXI,1071P,29CM
942 ## - ADDED ENTRY ELEMENTS (KOHA)
Source of classification or shelving scheme Dewey Decimal Classification
Koha item type Books like text book referance book
Suppress in OPAC No
Holdings
Withdrawn status Lost status Source of classification or shelving scheme Damaged status Not for loan Home library Current library Shelving location Date acquired Total Checkouts Full call number Barcode Date last seen Copy number Price effective from Koha item type
    Dewey Decimal Classification     Law & Governance lLbrary Law & Governance lLbrary General Stacks 10/11/2021   343.73072/KIT LGCLIB0002108 10/11/2021 C1 10/11/2021 Books like text book referance book
    Dewey Decimal Classification     Law & Governance lLbrary Law & Governance lLbrary General Stacks 10/11/2021   343.73072/KIT LGCLIB0002107 10/11/2021 C2 10/11/2021 Books like text book referance book